African Countries by Capital City - Statistics

General Stats
  • This quiz has been taken 636 times
  • The average score is 35 of 54
Answer Stats
Hint Answer % Correct
Cairo Egypt
98%
Algiers Algeria
95%
Djibouti Djibouti
94%
Bissau Guinea-Bissau
91%
Addis Ababa Ethiopia
90%
Nairobi Kenya
86%
Abuja Nigeria
83%
Pretoria / Cape Town / Bloemfontein South Africa
83%
Accra Ghana
82%
Sao Tome Sao Tome and Principe
82%
Tunis Tunisia
82%
Brazzaville Republic of the Congo
79%
Antananarivo Madagascar
78%
Dakar Senegal
78%
Kinshasa Democratic Republic of the Congo
76%
Khartoum Sudan
76%
Rabat Morocco
75%
Tripoli Libya
72%
Mogadishu Somalia
72%
Harare Zimbabwe
72%
Freetown Sierra Leone
68%
Luanda Angola
66%
Kampala Uganda
66%
Juba South Sudan
64%
Ouagadougou Burkina Faso
62%
Kigali Rwanda
62%
N'Djamena Chad
61%
Asmara Eritrea
61%
Bamako Mali
60%
Lome Togo
60%
Lilongwe Malawi
59%
Conakry Guinea
58%
Dodoma Tanzania
58%
Gaborone Botswana
57%
Monrovia Liberia
57%
Windhoek Namibia
57%
Niamey Niger
55%
Victoria Seychelles
54%
Lusaka Zambia
53%
Bangui Central African Republic
52%
Libreville Gabon
50%
Nouakchott Mauritania
50%
Port Louis Mauritius
50%
Maputo Mozambique
50%
Porto-Novo / Cotonou Benin
48%
Yaounde Cameroon
48%
Praia Cape Verde
48%
Banjul Gambia
47%
Mbabane Eswatini
46%
Gitega Burundi
45%
Yamoussoukro Ivory Coast
45%
Moroni Comoros
42%
Maseru Lesotho
42%
Malabo Equatorial Guinea
33%
No matching quizzes found
Score Distribution
Percent of People with Each Score
Percentile by Number Answered
Your Score History
You have not taken this quiz